MARC details
| 000 -LEADER |
| fixed length control field |
01249nam a2200397 a 4500 |
| 001 - CONTROL NUMBER |
| control field |
vtls000196258 |
| 003 - CONTROL NUMBER IDENTIFIER |
| control field |
NLI |
| 005 - DATE AND TIME OF LATEST TRANSACTION |
| control field |
20250108135052.0 |
| 008 - FIXED-LENGTH DATA ELEMENTS--GENERAL INFORMATION |
| fixed length control field |
101125s1897 enk g 000 1 eng |
| 020 ## - INTERNATIONAL STANDARD BOOK NUMBER |
| Terms of availability |
Rs. 3.00 |
| 020 ## - INTERNATIONAL STANDARD BOOK NUMBER |
| International Standard Book Number |
9788187288876 (cop.3) |
| Terms of availability |
Rs.189.00 (cop.3) |
| 039 #9 - LEVEL OF BIBLIOGRAPHIC CONTROL AND CODING DETAIL [OBSOLETE] |
| Level of rules in bibliographic description |
201803221533 |
| Level of effort used to assign nonsubject heading access points |
krishanuc |
| Level of effort used to assign subject headings |
201712051450 |
| Level of effort used to assign classification |
atanum |
| Level of effort used to assign subject headings |
201709201207 |
| Level of effort used to assign classification |
krishanuc |
| Level of effort used to assign subject headings |
201709141530 |
| Level of effort used to assign classification |
bishnupadad |
| 040 0# - CATALOGING SOURCE |
| Original cataloging agency |
NLI |
| Language of cataloging |
eng |
| Transcribing agency |
VERGIS-2010 |
| Description conventions |
AACR2 |
| 041 0# - LANGUAGE CODE |
| Language code of text/sound track or separate title |
eng |
| 044 ## - COUNTRY OF PUBLISHING/PRODUCING ENTITY CODE |
| MARC country code |
enk |
| 082 04 - DEWEY DECIMAL CLASSIFICATION NUMBER |
| Classification number |
823.7 |
| Edition number |
22 |
| 100 1# - MAIN ENTRY--PERSONAL NAME |
| Personal name |
Austen, Jane, |
| Dates associated with a name |
1775-1817 |
| 9 (RLIN) |
262823 |
| 245 10 - TITLE STATEMENT |
| Title |
Emma / |
| Statement of responsibility, etc. |
Jane Austen |
| 260 ## - PUBLICATION, DISTRIBUTION, ETC. |
| Place of publication, distribution, etc. |
London : |
| Name of publisher, distributor, etc. |
Macmillan, |
| -- |
Airmont, |
| Date of publication, distribution, etc. |
1897, 1966 |
| 300 ## - PHYSICAL DESCRIPTION |
| Extent |
viii, 373 p. ; |
| Dimensions |
15 cm. |
| 650 #0 - SUBJECT ADDED ENTRY--TOPICAL TERM |
| Topical term or geographic name entry element |
English fiction |
| 9 (RLIN) |
103 |
| 887 ## - NON-MARC INFORMATION FIELD |
| Content of non-MARC field |
Bishnu krishanu |
| 887 ## - NON-MARC INFORMATION FIELD |
| Content of non-MARC field |
Bahailu (Int) |
| 901 ## - LOCAL DATA ELEMENT A, LDA (RLIN) |
| a |
324642 : |
| b |
22.12.1958 |
| 901 ## - LOCAL DATA ELEMENT A, LDA (RLIN) |
| a |
DB165985 (cop.2) .- Scholastic, 2017 : |
| b |
06.07.2017 |
| 901 ## - LOCAL DATA ELEMENT A, LDA (RLIN) |
| a |
DB153966 (cop.3) .- Mumbai : Wilco Publishing House, 2009.-473 p.; 19 cm.-Classic library; 37 : |
| b |
12.05.2015 |
| 902 ## - LOCAL DATA ELEMENT B, LDB (RLIN) |
| a |
E 823.7 Au 74 cl |
| 904 ## - LOCAL DATA ELEMENT D, LDD (RLIN) |
| a |
Bishnu |
| 904 ## - LOCAL DATA ELEMENT D, LDD (RLIN) |
| a |
Atanu Mitra |
| 905 ## - LOCAL DATA ELEMENT E, LDE (RLIN) |
| a |
krishanu |
| 942 ## - ADDED ENTRY ELEMENTS (KOHA) |
| Source of classification or shelving scheme |
Dewey Decimal Classification |
| Koha item type |
Books |
| 949 ## - LOCAL PROCESSING INFORMATION (OCLC) |
| 6 |
PUR000324642ENG |
| 949 ## - LOCAL PROCESSING INFORMATION (OCLC) |
| 6 |
DBA000165985ENG |
| 949 ## - LOCAL PROCESSING INFORMATION (OCLC) |
| 6 |
DBA000153966ENG |